[Event "34th Zalakaros Open 2015"]
[Site "Zalakaros HUN"]
[Date "2015.05.16"]
[Round "3.29"]
[White "Schachinger, Mario"]
[Black "Papp, Petra"]
[Result "1-0"]
[WhiteTitle "IM"]
[BlackTitle "WGM"]
[WhiteElo "2421"]
[BlackElo "2297"]
[WhiteFideId "1616773"]
[BlackFideId "739049"]
[EventDate "2015.05.14"]
[EventType "swiss"]

1. d4 Nf6 2. c4 g6 3. Nc3 d5 4. cxd5 Nxd5 5. e4 Nxc3 6. bxc3 Bg7 7. Nf3 c5 8. h3
O-O 9. Be2 Nc6 10. Be3 cxd4 11. cxd4 f5 12. Bc4+ Kh8 13. O-O fxe4 14. Ng5 e5 15.
d5 Nd4 16. Nxe4 b5 17. Bxd4 exd4 18. Bxb5 Qxd5 19. Bd3 Bb7 20. Rb1 Rab8 21. Qg4
Qf5 22. Qxf5 gxf5 23. Nd6 Bd5 24. Rxb8 Rxb8 25. Nxf5 Bf6 26. Rc1 Bxa2 27. Rc6
Be5 28. Rc5 Bf6 29. f4 Be6 30. Rc6 Bxf5 31. Bxf5 Bd8 32. Kf2 Bb6 33. Kf3 Kg7 34.
g4 Rd8 35. Bd3 Re8 36. Be4 Rd8 37. Ke2 Rf8 38. f5 Bd8 39. Kf3 Bf6 40. Kf4 h6 41.
h4 Bxh4 42. Rg6+ Kh7 43. f6 Bxf6 44. Rxf6+ Kg7 45. Rxf8 Kxf8 46. Kf5 Kg7 47. Bc2
a5 48. Bb3 d3 49. Bc4 d2 50. Bb3 h5 51. g5 h4 52. Kg4 Kg6 53. Bc2+ Kf7 54. Kxh4
Ke6 55. g6 Kf6 56. Kh5 Kg7 57. Kg5 1-0

[Event "34th Zalakaros Open 2015"]
[Site "Zalakaros HUN"]
[Date "2015.05.16"]
[Round "3.30"]
[White "Bagi, Mate"]
[Black "Banas, Jan"]
[Result "1-0"]
[WhiteTitle "FM"]
[BlackTitle "IM"]
[WhiteElo "2417"]
[BlackElo "2281"]
[WhiteFideId "742570"]
[BlackFideId "14900076"]
[EventDate "2015.05.14"]
[EventType "swiss"]

1. e4 c5 2. Nf3 d6 3. d4 cxd4 4. Nxd4 Nf6 5. Nc3 Nc6 6. Bg5 e6 7. Qd2 a6 8.
O-O-O Bd7 9. f4 Be7 10. Nf3 b5 11. Bd3 b4 12. Ne2 Qb6 13. Kb1 a5 14. e5 dxe5 15.
Nxe5 Rd8 16. Rhf1 Nd5 17. Bxe7 Ncxe7 18. Rf3 Bb5 19. Qe1 Bxd3 20. Rdxd3 O-O 21.
g4 f6 22. Nc4 Qc5 23. Ne3 Ng6 24. Nxd5 Rxd5 25. Nc1 e5 26. f5 Rc8 27. Qd1 Ne7
28. Rxd5 Qxd5 29. Rd3 Qb5 30. Rd7 Nc6 31. Qd6 Qc4 32. b3 Qa6 33. Qe6+ Kh8 34.
Rc7 Ra8 1-0

[Event "34th Zalakaros Open 2015"]
[Site "Zalakaros HUN"]
[Date "2015.05.16"]
[Round "3.31"]
[White "Nagy, Gabor1"]
[Black "Vegh, Endre"]
[Result "1-0"]
[WhiteTitle "IM"]
[BlackTitle "IM"]
[WhiteElo "2396"]
[BlackElo "2272"]
[WhiteFideId "737119"]
[BlackFideId "700568"]
[EventDate "2015.05.14"]
[EventType "swiss"]

1. e4 d6 2. d4 Nf6 3. Nc3 c6 4. f4 Qb6 5. e5 Nd5 6. Nxd5 cxd5 7. c3 g6 8. Bd3
Bg7 9. Nf3 dxe5 10. fxe5 Nc6 11. h3 O-O 12. Qe2 f6 13. exf6 exf6 14. O-O Bd7 15.
Bf4 Rae8 16. Qf2 Ne7 17. Rae1 Bb5 18. Bxb5 Qxb5 19. Bd6 Qd7 20. Ba3 Kh8 21. Re2
Rg8 22. Rxe7 Rxe7 23. Bxe7 Qxe7 24. Re1 Qd7 25. Qe2 Rd8 26. Qe7 Kg8 27. Re2 b6
28. Ne1 f5 29. Nd3 Bf8 30. Qe3 Bd6 31. h4 Qf7 32. h5 f4 33. Qf3 gxh5 34. Ne5
Bxe5 35. Rxe5 h4 36. Qg4+ Kh8 37. Qxh4 Rg8 38. Re7 Qg6 39. Qh3 a5 40. b3 Qc2 41.
Kh2 Qg6 42. Re6 Qf7 43. Re5 Rg3 44. Qh4 Rg8 45. Rg5 Re8 46. Qg4 Rf8 47. a4 Qc7
48. Qf3 Rd8 49. Rf5 Rc8 50. Rxd5 Qf7 51. Qe4 Re8 52. Re5 Rf8 53. c4 Qg7 54. Rh5
Qg3+ 55. Kh1 Rf7 56. Qe8+ Kg7 57. Qe5+ Kf8 58. Rg5 Qh4+ 59. Kg1 f3 60. Qb8+ Ke7
61. Qc7+ Ke8 62. Rg8+ 1-0

[Event "34th Zalakaros Open 2015"]
[Site "Zalakaros HUN"]
[Date "2015.05.16"]
[Round "3.32"]
[White "Dragnev, Valentin"]
[Black "Farkas, Richard"]
[Result "0-1"]
[WhiteTitle "FM"]
[WhiteElo "2385"]
[BlackElo "2265"]
[WhiteFideId "1634852"]
[BlackFideId "703850"]
[EventDate "2015.05.14"]
[EventType "swiss"]

1. c4 c5 2. Nf3 Nc6 3. d4 cxd4 4. Nxd4 g6 5. e4 Nf6 6. Nc3 Nxd4 7. Qxd4 d6 8.
Be3 Bg7 9. f3 O-O 10. Qd2 Qa5 11. Rc1 Be6 12. b3 Rfc8 13. Be2 a6 14. Na4 Qxd2+
15. Kxd2 Nd7 16. g4 f5 17. gxf5 gxf5 18. Nc3 Rf8 19. Rhg1 Kh8 20. exf5 Bxf5 21.
f4 Nc5 22. Bf3 Rab8 23. Rg2 e5 24. Rcg1 exf4 25. Bf2 Be5 26. Nd5 Ne4+ 27. Bxe4
Bxe4 28. Rg4 b5 29. Nb6 Bf5 30. Rg5 h6 31. Rh5 Kh7 32. cxb5 axb5 33. a4 bxa4 34.
bxa4 Bg6 35. Rh4 Rf7 36. Rc1 Rbb7 37. a5 Ra7 38. Nc4 Ra8 39. Rh3 f3 40. Be3 Bg7
41. Bb6 Rc8 42. Ne3 Rxc1 43. Kxc1 f2 44. Nf1 Re7 45. Re3 Rxe3 46. Nxe3 Bd3 47.
Kd2 f1=Q 48. Nxf1 Bxf1 49. Ke3 Kg6 0-1

[Event "34th Zalakaros Open 2015"]
[Site "Zalakaros HUN"]
[Date "2015.05.16"]
[Round "3.33"]
[White "Madl, Ildiko"]
[Black "Rigo, Janos"]
[Result "1-0"]
[WhiteTitle "IM"]
[BlackTitle "IM"]
[WhiteElo "2356"]
[BlackElo "2264"]
[WhiteFideId "700550"]
[BlackFideId "700371"]
[EventDate "2015.05.14"]
[EventType "swiss"]

1. e4 c5 2. Nf3 Nc6 3. d4 cxd4 4. Nxd4 g6 5. c4 Bg7 6. Be3 Nf6 7. Nc3 d6 8. Be2
O-O 9. O-O Bd7 10. Nc2 Rc8 11. f3 Na5 12. b3 Ng4 13. Bd2 Qb6+ 14. Kh1 Nf2+ 15.
Rxf2 Qxf2 16. Nd5 Nc6 17. Be1 Qxe2 18. Qxe2 Bxa1 19. Nxa1 f5 20. exf5 Rxf5 21.
Bc3 e5 22. Nc2 Rf7 23. Nce3 Nd4 24. Qd3 Nf5 25. Kg1 Re8 26. Ng4 Ref8 27. Nf2 h5
28. Ne4 1-0

[Event "34th Zalakaros Open 2015"]
[Site "Zalakaros HUN"]
[Date "2015.05.16"]
[Round "3.34"]
[White "Marosi, Levente"]
[Black "Morrison, Graham SCO"]
[Result "1/2-1/2"]
[WhiteTitle "FM"]
[BlackTitle "FM"]
[WhiteElo "2153"]
[BlackElo "2351"]
[WhiteFideId "747181"]
[BlackFideId "2400090"]
[EventDate "2015.05.14"]
[EventType "swiss"]

1. e4 c5 2. Nf3 e6 3. g3 Nc6 4. Bg2 Nf6 5. Qe2 e5 6. c3 Be7 7. O-O O-O 8. Rd1 d5
9. exd5 Qxd5 10. d3 Rd8 11. Nbd2 Qxd3 12. Qxd3 Rxd3 13. Re1 Be6 14. Ng5 Rad8 15.
Nxe6 fxe6 16. Ne4 h6 17. Be3 Nxe4 18. Bxe4 R3d7 19. Kf1 Na5 20. b3 b6 21. Ke2
Nb7 22. Bxb7 Rxb7 23. Rad1 Rbd7 24. Rxd7 Rxd7 25. Rd1 Rd5 26. c4 Rxd1 1/2-1/2

[Event "34th Zalakaros Open 2015"]
[Site "Zalakaros HUN"]
[Date "2015.05.16"]
[Round "3.35"]
[White "Kozak, Adam"]
[Black "Dankhazi, Andras"]
[Result "1/2-1/2"]
[WhiteTitle "FM"]
[BlackTitle "FM"]
[WhiteElo "2341"]
[BlackElo "2223"]
[WhiteFideId "753246"]
[BlackFideId "714267"]
[EventDate "2015.05.14"]
[EventType "swiss"]

1. d4 Nf6 2. c4 g6 3. Nc3 d5 4. cxd5 Nxd5 5. e4 Nxc3 6. bxc3 Bg7 7. Be3 c5 8.
Nf3 Qa5 9. Qd2 Nc6 10. Rc1 cxd4 11. cxd4 Qxd2+ 12. Kxd2 O-O 13. d5 Rd8 14. Kc2
Na5 15. Bg5 Bd7 16. Bxe7 Rdc8+ 17. Kb1 Rxc1+ 18. Kxc1 Re8 19. Bb4 Nc4 20. Bd3 a5
21. Bd2 Rc8 22. Kd1 Nb2+ 23. Ke2 Nxd3 24. Kxd3 Bb5+ 25. Ke3 Bh6+ 26. Kd4 Bg7+
27. Ke3 Bh6+ 28. Kd4 Bg7+ 1/2-1/2

[Event "34th Zalakaros Open 2015"]
[Site "Zalakaros HUN"]
[Date "2015.05.16"]
[Round "3.36"]
[White "Kaczur, Florian"]
[Black "Bodi, Tibor"]
[Result "1/2-1/2"]
[WhiteElo "2336"]
[BlackElo "2204"]
[WhiteFideId "705098"]
[BlackFideId "701084"]
[EventDate "2015.05.14"]
[EventType "swiss"]

1. e4 d5 2. exd5 Qxd5 3. Nc3 Qd8 4. d4 Nf6 5. g3 c6 6. Bg2 Bf5 7. Nf3 e6 8. O-O
h6 9. Qe2 Be7 10. Rd1 O-O 11. Ne5 Nbd7 12. a3 Nb6 13. b3 Qc8 14. Bb2 Qc7 15. Ne4
Rad8 16. c4 Nbd7 17. Nxf6+ Bxf6 18. f4 c5 19. d5 exd5 20. cxd5 Rfe8 21. Re1 Qb6
22. Qc4 Qd6 23. Qc3 Re7 24. Re3 Rde8 25. Rae1 b5 26. b4 c4 27. a4 bxa4 28. Qxc4
Nxe5 29. fxe5 Bxe5 30. Qc5 Qxc5 31. bxc5 Bd6 32. Bd4 Rxe3 33. Rxe3 Rxe3 34. Bxe3
Be5 35. d6 a3 36. Bd5 Be6 37. Bxe6 fxe6 38. d7 Bc7 39. Bf4 Bd8 40. c6 a2 41. Be5
Kf7 42. Kg2 g5 43. c7 Bxc7 44. Bxc7 a1=Q 45. d8=Q Qb2+ 46. Kh3 Qb5 47. Qd1 Qf5+
48. Kg2 Kg6 49. h3 h5 50. Qd2 Qe4+ 51. Kh2 g4 52. h4 Qd5 53. Qc2+ Qf5 54. Qb2 a5
55. Bf4 a4 56. Bd6 Qd3 57. Ba3 e5 58. Qc1 Qe2+ 59. Kg1 Kf5 60. Qf1+ Qf3 61. Bb2
Ke4 62. Qxf3+ Kxf3 63. Bxe5 a3 64. Kf1 a2 65. Kg1 Ke4 66. Bc3 Kf3 67. Kh2 Kf2
68. Ba1 Kf3 69. Bd4 Ke4 70. Bb2 Kf3 71. Bg7 Kf2 72. Be5 Kf3 73. Kg1 Ke4 74. Bb2
Kf3 75. Be5 1/2-1/2

[Event "34th Zalakaros Open 2015"]
[Site "Zalakaros HUN"]
[Date "2015.05.16"]
[Round "3.37"]
[White "Baskin, Robert"]
[Black "Paszewski, Mateusz"]
[Result "1/2-1/2"]
[WhiteTitle "FM"]
[WhiteElo "2333"]
[BlackElo "2200"]
[WhiteFideId "24662402"]
[BlackFideId "1141058"]
[EventDate "2015.05.14"]
[EventType "swiss"]

1. e4 c5 2. Nf3 Nc6 3. d4 cxd4 4. Nxd4 g6 5. c4 Nf6 6. Nc3 Nxd4 7. Qxd4 d6 8.
Be2 Bg7 9. Be3 O-O 10. Qd2 Be6 11. O-O Qa5 12. Rac1 Rfc8 13. b3 a6 14. f4 b5 15.
f5 Bd7 16. e5 b4 17. exf6 bxc3 18. Qd3 Bxf6 19. fxg6 hxg6 20. Rxf6 exf6 21. Qxc3
Qxc3 22. Rxc3 Bc6 23. Rd3 Re8 24. Kf2 Rad8 25. a4 Be4 26. Rd2 Rb8 27. Bd1 Rbd8
28. b4 Kf8 29. b5 Bb7 30. Bb6 Rc8 31. Bb3 Ke7 32. a5 Rh8 33. Re2+ Kf8 34. Kg3
Rh5 35. bxa6 Bxa6 36. Re4 Bb7 37. Rd4 Ke7 38. h4 g5 39. hxg5 Rxg5+ 40. Kf4 Rcg8
41. Bd1 Ra8 1/2-1/2

[Event "34th Zalakaros Open 2015"]
[Site "Zalakaros HUN"]
[Date "2015.05.16"]
[Round "3.38"]
[White "Nemeth, Zoltan"]
[Black "Balint, Vilmos"]
[Result "0-1"]
[WhiteTitle "IM"]
[WhiteElo "2306"]
[BlackElo "2238"]
[WhiteFideId "700657"]
[BlackFideId "718050"]
[EventDate "2015.05.14"]
[EventType "swiss"]

1. c4 e5 2. Nc3 Nf6 3. e4 c6 4. Nf3 Bb4 5. Bd3 d6 6. a3 Ba5 7. Bc2 Be6 8. b4 Bc7
9. Bb3 a5 10. Bb2 Na6 11. b5 Nc5 12. d3 Bg4 13. Ba4 Qd7 14. bxc6 bxc6 15. Nd5
Nxd5 16. Bxc6 Qxc6 17. exd5 Qa4 18. Qe2 Qb3 19. Rd1 O-O 20. O-O Rfe8 21. h3 Bh5
22. g4 Bg6 23. Ne1 Rab8 24. Ba1 Qxa3 25. h4 h6 26. h5 Bh7 27. g5 hxg5 28. h6
gxh6 29. Qh5 Kg7 30. f4 Bg6 31. Qh2 f6 32. d4 Qe3+ 33. Kh1 Be4+ 34. Ng2 Nd3 35.
dxe5 dxe5 36. fxe5 Bxe5 37. Bxe5 Rxe5 38. Rxf6 Bxg2+ 39. Kxg2 Rb2+ 0-1

[Event "34th Zalakaros Open 2015"]
[Site "Zalakaros HUN"]
[Date "2015.05.16"]
[Round "3.39"]
[White "Tantsiura, Maria"]
[Black "Boguszlavszkij, Jevgenyij"]
[Result "1-0"]
[WhiteTitle "WIM"]
[BlackTitle "IM"]
[WhiteElo "2262"]
[BlackElo "2216"]
[WhiteFideId "14124327"]
[BlackFideId "700614"]
[EventDate "2015.05.14"]
[EventType "swiss"]

1. e4 d5 2. exd5 Nf6 3. d4 Bg4 4. f3 Bf5 5. g4 Bc8 6. c4 h6 7. Nc3 e6 8. dxe6
Bxe6 9. Be3 c6 10. Qd2 Na6 11. Nh3 Qa5 12. Nf4 Bd7 13. O-O-O O-O-O 14. Bd3 Nc7
15. Qc2 Bd6 16. Nfe2 Ne6 17. c5 Bb8 18. Bd2 Qc7 19. Bc4 Rhe8 20. h4 b5 21. cxb6
Qxb6 22. Na4 Qb7 23. Qd3 Nc7 24. Nc5 Qb6 25. Nc3 a5 26. N3a4 Qa7 27. Bxf7 Re7
28. Bc4 Nfd5 29. Rhe1 Rxe1 30. Rxe1 Nb6 31. Nxb6+ Qxb6 32. Re7 Ba7 33. Rxd7 Rxd7
34. Qf5 1-0

[Event "34th Zalakaros Open 2015"]
[Site "Zalakaros HUN"]
[Date "2015.05.16"]
[Round "3.40"]
[White "Peczely, Sebastian Zsombor"]
[Black "Csati, Oliver"]
[Result "1-0"]
[WhiteElo "2260"]
[BlackElo "2189"]
[WhiteFideId "750964"]
[BlackFideId "702170"]
[EventDate "2015.05.14"]
[EventType "swiss"]

1. e4 c5 2. Nf3 e6 3. d4 cxd4 4. Nxd4 Nc6 5. Nc3 Qc7 6. Be3 a6 7. Qd2 Nf6 8.
O-O-O Be7 9. f3 h5 10. Kb1 d6 11. h3 b5 12. Rg1 h4 13. g4 hxg3 14. Rxg3 Nh5 15.
Rg1 Bb7 16. Bg5 Nf6 17. Nce2 Ne5 18. Nf4 Nc4 19. Bxc4 Qxc4 20. Ndxe6 fxe6 21.
Ng6 Rxh3 22. Nxe7 d5 23. Bxf6 gxf6 24. Qg2 Rh8 25. Qg7 Rh2 26. Rc1 dxe4 27. Qxf6
exf3 28. Ng6 Qc5 29. Ne5 1-0

[Event "34th Zalakaros Open 2015"]
[Site "Zalakaros HUN"]
[Date "2015.05.17"]
[Round "4.1"]
[White "Papp, Gabor1"]
[Black "Ragger, Markus"]
[Result "1/2-1/2"]
[WhiteTitle "GM"]
[BlackTitle "GM"]
[WhiteElo "2594"]
[BlackElo "2668"]
[WhiteFideId "718602"]
[BlackFideId "1610856"]
[EventDate "2015.05.14"]
[EventType "swiss"]

1. e4 c5 2. Nf3 d6 3. d4 cxd4 4. Nxd4 Nf6 5. Nc3 a6 6. Bg5 Nbd7 7. Bc4 Qb6 8.
Bb3 e6 9. Qd2 Be7 10. O-O-O Nc5 11. f3 Qc7 12. g4 b5 13. h4 Bd7 14. Kb1 b4 15.
Nce2 a5 16. Ng3 Rc8 17. Rhe1 h6 18. Bxf6 Bxf6 19. g5 hxg5 20. hxg5 Bxd4 21. Qxd4
Rh3 22. Qxg7 Nxb3 23. cxb3 Qc2+ 24. Ka1 Rxg3 25. Qh8+ Ke7 26. Qf6+ Ke8 27. Qh8+
Ke7 28. Qf6+ Ke8 29. Qh8+ 1/2-1/2

[Event "34th Zalakaros Open 2015"]
[Site "Zalakaros HUN"]
[Date "2015.05.17"]
[Round "4.2"]
[White "Diermair, Andreas"]
[Black "Efimenko, Zahar"]
[Result "1/2-1/2"]
[WhiteTitle "IM"]
[BlackTitle "GM"]
[WhiteElo "2488"]
[BlackElo "2656"]
[WhiteFideId "1612468"]
[BlackFideId "14107201"]
[EventDate "2015.05.14"]
[EventType "swiss"]

1. d4 Nf6 2. c4 e6 3. Nf3 b6 4. g3 Bb7 5. Bg2 Be7 6. O-O O-O 7. d5 exd5 8. Nh4
c6 9. cxd5 Nxd5 10. Nf5 Nc7 11. Nc3 d5 12. e4 Nba6 13. Bf4 Bf6 14. exd5 cxd5 15.
Re1 Bc8 16. Nd6 Bxc3 17. bxc3 Be6 18. a4 Nc5 19. h4 a6 20. c4 dxc4 21. Nxc4 Bxc4
22. Qxd8 Raxd8 23. Bxc7 Rde8 24. Rxe8 Rxe8 25. Bxb6 1/2-1/2

[Event "34th Zalakaros Open 2015"]
[Site "Zalakaros HUN"]
[Date "2015.05.17"]
[Round "4.3"]
[White "Adhiban, Baskaran"]
[Black "Szabo, Gergely-Andras-Gyula"]
[Result "1/2-1/2"]
[WhiteTitle "GM"]
[BlackTitle "GM"]
[WhiteElo "2636"]
[BlackElo "2548"]
[WhiteFideId "5018471"]
[BlackFideId "1205064"]
[EventDate "2015.05.14"]
[EventType "swiss"]

1. c4 e5 2. g3 Nf6 3. Bg2 d5 4. cxd5 Nxd5 5. Nc3 Nb6 6. d3 Be7 7. Be3 O-O 8. Nf3
Nc6 9. O-O Be6 10. Qc1 Nd5 11. Rd1 Qd7 12. d4 Nxe3 13. fxe3 exd4 14. exd4 Bg4
15. d5 Bxf3 16. exf3 Ne5 17. Ne4 Bd6 18. Qc3 Qb5 19. Rac1 Rfe8 20. Qd4 h6 21. f4
Nd7 22. Bf1 Qa5 23. a4 Re7 24. Bb5 a6 25. Bxd7 Rxd7 26. Nxd6 1/2-1/2

[Event "34th Zalakaros Open 2015"]
[Site "Zalakaros HUN"]
[Date "2015.05.17"]
[Round "4.4"]
[White "Bluebaum, Matthias"]
[Black "Medvegy, Zoltan"]
[Result "1/2-1/2"]
[WhiteTitle "IM"]
[BlackTitle "GM"]
[WhiteElo "2594"]
[BlackElo "2535"]
[WhiteFideId "24651516"]
[BlackFideId "708402"]
[EventDate "2015.05.14"]
[EventType "swiss"]

1. d4 Nf6 2. c4 e6 3. Nf3 b6 4. g3 Bb7 5. Bg2 Be7 6. O-O O-O 7. Re1 Qc8 8. d5
exd5 9. cxd5 Bxd5 10. e4 Bxe4 11. Nc3 d5 12. Nxe4 dxe4 13. Ng5 c6 14. Nxe4 Nxe4
15. Rxe4 Bf6 16. Rc4 Re8 17. Rc2 Na6 18. Rxc6 Qf5 19. Rd6 Rad8 20. Be3 Nc5 21.
Rxd8 Rxd8 22. Qe2 Na4 23. Re1 Qe6 24. Qb5 Nxb2 25. Bd2 Qc8 26. Bh3 Qc5 27. Re8+
Rxe8 28. Qxe8+ Qf8 29. Qc6 Qd8 30. Bf4 h6 31. Bc7 Qe7 32. Kg2 Nd1 33. Bd6 Qe2
34. Qc8+ Kh7 35. Qf5+ g6 36. Qf3 Qxf3+ 37. Kxf3 Bd4 38. Bg2 Nxf2 39. g4 Nd1 40.
Ke2 Ne3 41. Bf3 b5 42. Kd3 Bb6 43. Bf4 Nc4 44. Bc6 a6 45. Bb7 a5 46. Bc6 g5 47.
Bg3 Na3 48. Bd6 b4 49. Be5 Kg8 50. Bb2 Kf8 51. Bxa3 bxa3 52. Ke4 1/2-1/2

[Event "34th Zalakaros Open 2015"]
[Site "Zalakaros HUN"]
[Date "2015.05.17"]
[Round "4.5"]
[White "Boruchovsky, Avital"]
[Black "Banusz, Tamas"]
[Result "1-0"]
[WhiteTitle "GM"]
[BlackTitle "GM"]
[WhiteElo "2517"]
[BlackElo "2590"]
[WhiteFideId "2800055"]
[BlackFideId "722413"]
[EventDate "2015.05.14"]
[EventType "swiss"]

1. d4 Nf6 2. c4 e6 3. Nf3 Bb4+ 4. Nbd2 O-O 5. a3 Be7 6. e4 d5 7. e5 Nfd7 8. Bd3
c5 9. h4 g6 10. h5 cxd4 11. Nb3 Nc6 12. Bf4 dxc4 13. Bxc4 g5 14. Bg3 g4 15.
Nfxd4 Ndxe5 16. O-O Bf6 17. Re1 Nxc4 18. Qxg4+ Kh8 19. Nxc6 bxc6 20. Rad1 Qb6
21. Qxc4 Qb5 22. Qf4 Qg5 23. Qf3 e5 24. Qxf6+ Qxf6 25. Bxe5 Qxe5 26. Rxe5 Rb8
27. Nc5 Rxb2 28. h6 Be6 29. Rg5 Re2 30. Rd6 Rc8 31. f3 Ba2 32. Rd7 a5 33. Ra7
Rd8 34. Rc7 Bd5 35. Nb7 Rde8 36. Nd6 Rf8 37. Rg7 Re1+ 38. Kf2 Rh1 39. Nxf7+ Bxf7
40. Rgxf7 1-0

[Event "34th Zalakaros Open 2015"]
[Site "Zalakaros HUN"]
[Date "2015.05.17"]
[Round "4.6"]
[White "Havasi, Gergo"]
[Black "Ruck, Robert"]
[Result "1/2-1/2"]
[BlackTitle "GM"]
[WhiteElo "2319"]
[BlackElo "2562"]
[WhiteFideId "760293"]
[BlackFideId "705713"]
[EventDate "2015.05.14"]
[EventType "swiss"]

1. e4 c6 2. Nc3 d5 3. Nf3 Bg4 4. h3 Bxf3 5. Qxf3 Nf6 6. Be2 e6 7. O-O dxe4 8.
Nxe4 Be7 9. Rd1 Nxe4 10. Qxe4 Nd7 11. d4 Nf6 12. Qe3 O-O 13. c4 Qc7 14. b3 Rfd8
15. Bb2 Rd7 16. Bf3 Rad8 17. Qe2 a5 18. Bc3 Bb4 19. Bb2 Be7 20. Bc3 Bb4 21. Bb2
Be7 22. Bc3 Bb4 23. Bb2 Be7 1/2-1/2

[Event "34th Zalakaros Open 2015"]
[Site "Zalakaros HUN"]
[Date "2015.05.17"]
[Round "4.7"]
[White "Berkes, Ferenc"]
[Black "Horvath, Jozsef1"]
[Result "1-0"]
[WhiteTitle "GM"]
[BlackTitle "GM"]
[WhiteElo "2664"]
[BlackElo "2538"]
[WhiteFideId "718572"]
[BlackFideId "700061"]
[EventDate "2015.05.14"]
[EventType "swiss"]

1. d4 e6 2. c4 Bb4+ 3. Bd2 a5 4. Nc3 Nf6 5. Bg5 b6 6. e3 a4 7. a3 Bxc3+ 8. bxc3
Bb7 9. Nf3 d6 10. Bh4 Nbd7 11. Nd2 Nf8 12. f3 Ng6 13. Bf2 Nd7 14. Bd3 f5 15. Bc2
Bc6 16. O-O O-O 17. e4 fxe4 18. Nxe4 Ra5 19. Qd2 Re8 20. Rfe1 Ndf8 21. c5 Bxe4
22. Rxe4 dxc5 23. Qe2 cxd4 24. Rxd4 Qf6 25. Rad1 Rc5 26. Rxa4 Rg5 27. Qe3 Rc5
28. Rad4 Ra8 29. a4 Re8 30. Qd2 Ra5 31. h3 Rg5 32. Kh1 h6 33. c4 Ra5 34. Rd8 Ra8
35. Rxe8 Rxe8 36. c5 e5 37. cxb6 cxb6 38. Be4 Nf4 39. Kh2 N8e6 40. Bxb6 Ng5 41.
Qd7 Rf8 42. Rd6 1-0

[Event "34th Zalakaros Open 2015"]
[Site "Zalakaros HUN"]
[Date "2015.05.17"]
[Round "4.8"]
[White "Sadzikowski, Daniel"]
[Black "Kovalenko, Igor"]
[Result "1/2-1/2"]
[WhiteTitle "IM"]
[BlackTitle "GM"]
[WhiteElo "2494"]
[BlackElo "2650"]
[WhiteFideId "1132253"]
[BlackFideId "14117908"]
[EventDate "2015.05.14"]
[EventType "swiss"]

1. c4 e6 2. Nc3 b6 3. e4 Bb7 4. Nge2 Nf6 5. f3 c5 6. d4 cxd4 7. Nxd4 Nc6 8. Be3
Qb8 9. Qd2 Be7 10. Rd1 O-O 11. Ndb5 d6 12. Be2 Rd8 13. O-O Ne5 14. Qc2 a6 15.
Na3 Ned7 16. Kh1 Qc7 17. Rd2 Rac8 18. Rfd1 h5 19. Bf2 Ne5 20. Qb3 Nfd7 21. Na4
Bc6 22. Qc2 h4 23. h3 Ng6 24. b4 Bb7 25. Qb3 Nf4 26. Bf1 Nh5 27. Nc2 Ng3+ 28.
Bxg3 hxg3 29. Nb2 Re8 30. a4 Ne5 31. f4 Ng6 32. f5 exf5 33. exf5 Qd7 34. Nd4 Bh4
35. c5 bxc5 36. bxc5 Rxc5 37. Bxa6 Bxa6 38. fxg6 Rce5 39. Nf3 Re3 40. Qxf7+ Qxf7
41. gxf7+ Kxf7 42. Nd3 Be7 43. Nf4 Ra3 44. Nh5 Rxa4 45. Nxg3 g6 46. Ne2 Bf8 47.
Nc3 Ra5 48. Nd5 Bh6 49. Rf2 Kg7 50. Nc7 Re2 51. Rxe2 Bxe2 52. Re1 Bxf3 53. gxf3
Kf7 54. Rd1 Rc5 55. Na6 Rc6 56. Nb4 Rc4 57. Nd3 Ke6 58. Kg2 Kf5 59. Rb1 Rc3 60.
Rb5+ Ke6 61. Nb4 Bf4 62. h4 Be5 63. Rb7 Rc4 64. Nd3 Rxh4 65. Nxe5 Kxe5 66. Kf2
Ra4 67. Rg7 Kf6 68. Rd7 Ra6 69. Ke3 Ke5 70. Re7+ Kf6 71. Rd7 g5 72. Rd8 Ke7 73.
Rg8 Ra5 74. Rg6 Re5+ 75. Kd4 Kd7 76. Kd3 Kc6 77. Kd4 Ra5 78. Rg8 Ra4+ 79. Kd3
Ra5 80. Kd4 Re5 81. Rg7 Rb5 82. Rg8 Kc7 83. Rg7+ Kd8 84. Ke4 Re5+ 85. Kd4 Ke8
86. Rg6 Ke7 87. Kd3 d5 88. Kd4 Rf5 89. Ra6 Kf7 90. Rb6 Rxf3 91. Kxd5 Re3 92. Kd4
Re8 93. Kd3 Kg7 94. Ra6 1/2-1/2

[Event "34th Zalakaros Open 2015"]
[Site "Zalakaros HUN"]
[Date "2015.05.17"]
[Round "4.9"]
[White "Burmakin, Vladimir"]
[Black "Gledura, Benjamin"]
[Result "1/2-1/2"]
[WhiteTitle "GM"]
[BlackTitle "IM"]
[WhiteElo "2585"]
[BlackElo "2478"]
[WhiteFideId "4105109"]
[BlackFideId "712779"]
[EventDate "2015.05.14"]
[EventType "swiss"]

1. Nf3 c5 2. g3 Nc6 3. Bg2 g6 4. d4 cxd4 5. Nxd4 Bg7 6. Nb3 Nf6 7. c4 O-O 8. Nc3
d6 9. O-O a5 10. Nd4 Nxd4 11. Qxd4 a4 12. Qd1 Nd7 13. Bd2 Nc5 14. Rb1 Bf5 15. e4
Bd7 16. Qe2 Bc6 17. Rfd1 Qb6 18. Nd5 Bxd5 19. exd5 Rfe8 20. b4 axb3 21. axb3 Ra3 1/2-1/2

[Event "34th Zalakaros Open 2015"]
[Site "Zalakaros HUN"]
[Date "2015.05.17"]
[Round "4.10"]
[White "Czebe, Attila"]
[Black "Kovchan, Alexander"]
[Result "1/2-1/2"]
[WhiteTitle "GM"]
[BlackTitle "GM"]
[WhiteElo "2474"]
[BlackElo "2585"]
[WhiteFideId "705268"]
[BlackFideId "14103052"]
[EventDate "2015.05.14"]
[EventType "swiss"]

1. Nf3 Nf6 2. c4 g6 3. b3 Bg7 4. Bb2 O-O 5. g3 c6 6. Bg2 d5 7. O-O Qb6 8. Qc2
Na6 9. d3 Nb4 10. Qc1 Bf5 11. Be5 Bxd3 12. c5 Qd8 13. Qd2 Bxb1 14. Qxb4 Be4 15.
Qxb7 Qd7 16. Qb4 Ne8 1/2-1/2

[Event "34th Zalakaros Open 2015"]
[Site "Zalakaros HUN"]
[Date "2015.05.17"]
[Round "4.11"]
[White "Prohaszka, Peter2"]
[Black "Schreiner, Peter"]
[Result "1-0"]
[WhiteTitle "GM"]
[BlackTitle "IM"]
[WhiteElo "2582"]
[BlackElo "2449"]
[WhiteFideId "726265"]
[BlackFideId "1621645"]
[EventDate "2015.05.14"]
[EventType "swiss"]

1. d4 Nf6 2. c4 g6 3. Nc3 d5 4. cxd5 Nxd5 5. Na4 Bg7 6. e4 Nb6 7. Be3 O-O 8. Nf3
Bg4 9. Nc5 Nc6 10. Nxb7 Qb8 11. Ba6 e5 12. d5 Nb4 13. Nc5 N6xd5 14. exd5 e4 15.
Nxe4 Nxa6 16. O-O Qxb2 17. Bd4 Bxf3 18. Bxg7 Kxg7 19. Qxf3 Rab8 20. h4 Rb6 21.
Rad1 Nb8 22. Qf4 Re8 23. d6 cxd6 24. Nxd6 Rf8 25. h5 h6 26. Rfe1 g5 27. Qf5 Nc6
28. Ne8+ Kh8 29. Nf6 Kg7 30. Qh7+ 1-0